1699 1730 1728 1586 1163 1426 1663 1575 1026 1168 1884 1891 1626 1824 1591 1910 1826 1571 1125 1264 1177 1854 1307 1635 1904 1605 1613 1766 1182 1002 1566 1062 1550 1944 1790 1963 1900 1808 1244 1542 1246 1936 1642 1097 1291 1597 1011 1248 1292 1236 1400 1049 1014 1507 1299 1407 1195 1404 1043 1661 1602 1192 1918 1174 1632 1292 1609 1332 1198 1883 1888 1042 1631 1920 1949 1010 1839 1164 1642 1967 1749 1305 1601 1982 1476 1297 1152 1447 1787 1459 1948 1286 1673 1542 1789 1588 1767 1896 1531 BCNSPRNW ULIB Ver.6.0+V

เปลี่ยนเป็นภาษาไทย

Change to English
 แสดงรายละเอียดบรรณานุกรม
  กลับหน้าหลัก

Brief Record : Get Marc (ISO 2709) : E-mail record : QR code < ปิดหน้าต่าง
LEADER : 00000nam 2200000uu 4500
001    13399128727
003     ULIB
008    240814s2566||||th 000 0 tha d
020    ^a9789740342380
060 04 ^aWY159^bจ337ก
100 0  ^aจารุวรรณ สนองญาติ
245 10 ^aการพยาบาลเด็กโรคมะเร็งที่พบบ่อย /^cจารุวรรณ สนองญาติ
250    ^aพิมพ์ครั้งที่ 1
260    ^aกรุงเทพฯ :^bสำนักพิมพ์จุฬาลงกรณ์มหาวิทยาลัย,^c2566
300    ^a124 หน้า :^bภาพประกอบ ;^c26 ซม.
650  4 ^aการพยาบาลกุมารเวชศาสตร์
650  4 ^aเด็ก, โรค^xการพยาบาล
650  4 ^aมะเร็งในเด็ก
650  4 ^aมะเร็งในเด็ก^xการพยาบาล
945    ^p240^l0^i010400
945    ^p240^l0^i010401
945    ^p240^l0^i010402
999    ^aประนอม เกษจรัล
รายการนี้ยังไม่มีแท็ก
คุณยังไม่ได้ล็อกอิน คุณสามารถมีกิจกรรมร่วมกับเว็บไซต์ได้ แต่ต้องล็อกอินก่อน ::
  ล็อกอิน

รายการสื่อสารสนเทศ

ลำดับที่ ประเภท เลขเรียก/บาร์โค้ด สถานที่ สถานะ
1. Book การพยาบาล
หนังสือสำรอง
สถานะ=หนังสือสำรอง
WY159 จ337ก ฉ.1 
  Barcode: 010400
ห้องสมุดวิทยาเขตสวรรค์ประชารักษ์
►หนังสือทั่วไป
บนชั้น
2. Book การพยาบาล
Book การพยาบาล
WY159 จ337ก ฉ.2 
  Barcode: 010401
ห้องสมุดวิทยาเขตสวรรค์ประชารักษ์
►หนังสือทั่วไป
บนชั้น
3. Book การพยาบาล
Book การพยาบาล
WY159 จ337ก ฉ.3 
  Barcode: 010402
ห้องสมุดวิทยาเขตสวรรค์ประชารักษ์
►หนังสือทั่วไป
บนชั้น

รายการใกล้เคียง
    ผู้แต่ง [จารุวรรณ สนองญาติ]

    หัวเรื่อง [การพยาบาลกุมารเวชศาสตร์]
    หัวเรื่อง [มะเร็งในเด็ก]

BibComment


ยังไม่เคยถูกคอมเมนท์

คอมเมนท์ทรัพยากรรายการนี้
  คอมเมนท์: การพยาบาลเด็กโรค..


 Copyright 2026. Bcnsprnw @Library